Design of concrete structures (Record no. 3628)

000 -LEADER
fixed length control field 00663nam a2200229 a 4500
001 - CONTROL NUMBER
control field 3628
003 - CONTROL NUMBER IDENTIFIER
control field BD-DhUET
008 - FIXED-LENGTH DATA ELEMENTS--GENERAL INFORMATION
fixed length control field 850621s1985 enka b 101 0 eng
020 ## - INTERNATIONAL STANDARD BOOK NUMBER
International Standard Book Number 007Y665486
040 ## - CATALOGING SOURCE
Original cataloging agency DLC
Transcribing agency DLC
Modifying agency BD-DhUET
082 00 - DEWEY DECIMAL CLASSIFICATION NUMBER
Classification number 624.183
Item number NIL/1986
100 ## - MAIN ENTRY--PERSONAL NAME
Personal name Nilson, Arthur H.
245 00 - TITLE STATEMENT
Title Design of concrete structures
Statement of responsibility, etc. by Arthur H. Nilson and George Winter
250 ## - EDITION STATEMENT
Edition statement 10th ed.
260 ## - PUBLICATION, DISTRIBUTION, ETC. (IMPRINT)
Place of publication, distribution, etc. New York:
Name of publisher, distributor, etc. McGraw Hill Book Company,
Date of publication, distribution, etc. 1986.
300 ## - PHYSICAL DESCRIPTION
Extent xi, 380 p. :
Other physical details ill. ;
Dimensions 23 cm.
490 ## - SERIES STATEMENT
Series statement Civil engineering series
504 ## - BIBLIOGRAPHY, ETC. NOTE
Bibliography, etc Includes bibliographies
650 #0 - SUBJECT ADDED ENTRY--TOPICAL TERM
Topical term or geographic name as entry element Reinforced concrete
700 ## - ADDED ENTRY--PERSONAL NAME
Personal name Winter, George
942 ## - ADDED ENTRY ELEMENTS (KOHA)
Koha item type General Book
Holdings
Koha normalized classification for sorting Damaged status Koha out on loan Lost status Koha date last borrowed Date acquired Shelving location Koha date last seen Price effective from Withdrawn status Location (home branch) Sublocation or collection (holding branch) Copy number Koha renewals Piece designation (barcode) Koha item type Not for loan Source of classification or shelving scheme Koha issues (times borrowed) Koha full call number
624_000000000000000_183NIL1986 2027-02-23 2026-02-232014-11-02Circulation section2026-02-232014-11-02 Central Library, BUETCentral Library, BUET1177873General Book  6624.183/NIL/1986
624_183000000000000_NIL_1986    1990-10-23Rental section2024-12-042024-12-04 Central Library, BUETCentral Library, BUET১০/ক-১ 77816Rental Item   624.183 NIL/1986
624_183000000000000_NIL_1986    1990-10-23Rental section2024-12-042024-12-04 Central Library, BUETCentral Library, BUET১০/ক-২ 77817Rental Item   624.183 NIL/1986
624_183000000000000_NIL_1986    1990-10-23Rental section2024-12-042024-12-04 Central Library, BUETCentral Library, BUET১০/ক-৩ 77818Rental Item   624.183 NIL/1986
624_183000000000000_NIL_1986    1990-10-23Rental section2024-12-042024-12-04 Central Library, BUETCentral Library, BUET১০/ক-৪ 77819Rental Item   624.183 NIL/1986
624_183000000000000_NIL_1986    1990-10-23Rental section2024-12-042024-12-04 Central Library, BUETCentral Library, BUET১০/ক-৫ 77820Rental Item   624.183 NIL/1986
624_183000000000000_NIL_1986    1990-10-23Rental section2024-12-042024-12-04 Central Library, BUETCentral Library, BUET১০/ক-৬ 77821Rental Item   624.183 NIL/1986
624_183000000000000_NIL_1986    1990-10-23Rental section2024-12-042024-12-04 Central Library, BUETCentral Library, BUET১০/ক-৭ 77822Rental Item   624.183 NIL/1986
624_183000000000000_NIL_1986    1990-10-23Rental section2024-12-042024-12-04 Central Library, BUETCentral Library, BUET১০/ক-৮ 77823Rental Item   624.183 NIL/1986
624_183000000000000_NIL_1986    1990-10-23Rental section2024-12-042024-12-04 Central Library, BUETCentral Library, BUET১০/ক-৯ 77824Rental Item   624.183 NIL/1986
624_183000000000000_NIL_1986    1990-10-23Rental section2024-12-042024-12-04 Central Library, BUETCentral Library, BUET১০/ক-১০ 77825Rental Item   624.183 NIL/1986
624_183000000000000_NIL_1986    1990-10-23Rental section2024-12-042024-12-04 Central Library, BUETCentral Library, BUET১০/ক-১১ 77826Rental Item   624.183 NIL/1986
624_183000000000000_NIL_1986    1990-10-23Rental section2024-12-042024-12-04 Central Library, BUETCentral Library, BUET১০/ক-১২ 77827Rental Item   624.183 NIL/1986
624_183000000000000_NIL_1986    1990-10-23Rental section2024-12-042024-12-04 Central Library, BUETCentral Library, BUET১০/ক-১৩ 77828Rental Item   624.183 NIL/1986
624_183000000000000_NIL_1986    1990-10-23Rental section2024-12-042024-12-04 Central Library, BUETCentral Library, BUET১০/ক-১৪ 77829Rental Item   624.183 NIL/1986
624_183000000000000_NIL_1986    1990-10-23Rental section2024-12-042024-12-04 Central Library, BUETCentral Library, BUET১০/ক-১৫ 77830Rental Item   624.183 NIL/1986
624_183000000000000_NIL_1986    1990-10-23Rental section2024-12-042024-12-04 Central Library, BUETCentral Library, BUET১০/ক-১৬ 77831Rental Item   624.183 NIL/1986
624_183000000000000_NIL_1986    1990-10-23Rental section2024-12-042024-12-04 Central Library, BUETCentral Library, BUET১০/ক-১৭ 77832Rental Item   624.183 NIL/1986
624_183000000000000_NIL_1986    1990-10-23Rental section2024-12-042024-12-04 Central Library, BUETCentral Library, BUET১০/ক-১৮ 77833Rental Item   624.183 NIL/1986
624_183000000000000_NIL_1986    1990-10-23Rental section2024-12-042024-12-04 Central Library, BUETCentral Library, BUET১০/ক-১৯ 77834Rental Item   624.183 NIL/1986
624_183000000000000_NIL_1986    1990-10-23Rental section2024-12-042024-12-04 Central Library, BUETCentral Library, BUET১০/ক-২০ 77835Rental Item   624.183 NIL/1986